Criação de conhecimento na empresa : (Record no. 936)
[ view plain ]
| 000 -LÍDER | |
|---|---|
| Campo Fixo de Controle | 01148nam a2200301 a 4500 |
| 001 - NÚMERO DE CONTROLE | |
| Campo de Controle | 936 |
| 003 - IDENTIFICAÇÃO DO NÚMERO DE CONTROLE | |
| Campo de Controle | BR-CuiBMT |
| 005 - DATA E HORA DA ÚLTIMA ATUALIZAÇÃO | |
| Campo de Controle | 20231213125836.0 |
| 008 - DADOS FIXOS | |
| Dados Fixos | 231122s1997 rjba 001 0 por d |
| 020 ## - INTERNATIONAL STANDARD BOOK NUMBER | |
| Nº do ISBN | 9788535201772 |
| 040 ## - AGÊNCIA CATALOGADORA | |
| Código da Agência Catalogadora | BR-CuiBMT |
| Agência que transcreveu o registro | BR-CuiBMT |
| 041 1# - CÓDIGO DO IDIOMA | |
| Código do Idioma | por |
| Idioma original | eng |
| 080 ## - Nº DA CLASSIFICAÇÃO DECIMAL UNIVERSAL | |
| Nº edição CDU | 2007 |
| Nº Class. CDU | 658:001.101 |
| Subd. Auxiliar Comum | (52) |
| 090 ## - NÚMERO DE CHAMADA | |
| Nº classificação | 658:001.101(52) |
| Cutter | N812c |
| 100 1# - ENTRADA PRINCIPAL -- AUTOR PESSOAL | |
| Nome pessoal | Nonaka, Ikujiro |
| 240 04 - TÍTULO UNIFORME/ORIGINAL | |
| Título original | The knowledge-creating company |
| Idioma da publicação | Português |
| 245 10 - TÍTULO PRINCIPAL | |
| Título principal | Criação de conhecimento na empresa : |
| Subtítulo | como as empresas japonesas geram a dinâmica da inovação / |
| Indicação de responsabilidade | Ikujiro Nonaka, Hirotaka Takeuchi ; [tradução de Ana Beatriz Rodrigues, Priscila Martins Celeste]. |
| 260 ## - PUBLICAÇÃO, DISTRIBUIÇÃO, ETC. | |
| Local de publicação | Rio de Janeiro : |
| Editora | Elsevier, |
| Data | 1997. |
| 300 ## - DESCRIÇÃO FÍSICA | |
| N. páginas ou volumes | xv, 358 p. : |
| Ilustrações | il. ; |
| Dimensões | 23 cm |
| 504 ## - NOTA DE BIBLIOGRAFIA, ETC. | |
| Nota de bibliografia | Inclui bibliografia e índice. |
| 590 ## - NOTA LOCAL | |
| Nota local | A Biblioteca possui a 23. reimpr. 1997. |
| 650 ## - ASSUNTO TÓPICO | |
| Cabeçalho tópico ou nome geográfico | Gestão do conhecimento |
| Subdivisão geográfica | Japão |
| 650 ## - ASSUNTO TÓPICO | |
| Cabeçalho tópico ou nome geográfico | Administração de empresas |
| Subdivisão geral | Planejamento estratégico |
| Subdivisão geográfica | Japão |
| 650 ## - ASSUNTO TÓPICO | |
| Cabeçalho tópico ou nome geográfico | Comunicação nas organizações |
| Subdivisão geográfica | Japão |
| 650 ## - ASSUNTO TÓPICO | |
| Cabeçalho tópico ou nome geográfico | Desenvolvimento organizacional |
| 700 1# - ENTRADA SECUNDÁRIA -- NOME PESSOAL | |
| Nome pessoal | Takeuchi, Hirotaka, |
| Datas associadas ao nome | 1946- |
| 942 ## - ELEMENTOS DE ENTRADA ADICIONAIS (KOHA) | |
| Fonte de classificação ou esquema de arquivamento | Classificação Decimal Universal |
| Tipo de item do Koha | Livros |
| Estado: removido | Estado: perdido | Fonte de classificação ou esquema de arquivamento | Estado: danificado | Indisponível para empréstimo | Localização permanente | Localização atual | Data de aquisição | Total Checkouts | Número de Chamada completo | Código de barras | Date last seen | Número do exemplar | Preço efetivo a partir de | Tipo de item (Koha) | Nota pública |
|---|---|---|---|---|---|---|---|---|---|---|---|---|---|---|---|
| Classificação Decimal Universal | Biblioteca da Escola Superior de Contas do TCE/MT | Biblioteca da Escola Superior de Contas do TCE/MT | 23/11/2023 | 658:001.101(52) N812c | BIBTCEMT23110976 | 23/11/2023 | Ex. 1 | 23/11/2023 | Livros | 23. reimpr. 1997 |